Código de comercio (Registro nro. 1073)

Detalles MARC
000 -CABECERA
campo de control de longitud fija 00549aam a2200217 4500
005 - FECHA Y HORA DE ACTUALIZACIÓN
campo de control 20170110100854.0
008 - LONGITUD FIJA
campo de control de longitud fija 150406b xxu||||| |||| 00| 0 spa d
041 ## - IDIOMA
Código de idioma del texto/pista de sonido o título separado
082 ## - CLASIFICACIÓN DECIMAL DEWEY
Número de clasificación 380.972.86
Número de documento/Ítem C8374c
100 ## - AUTOR PERSONAL
Nombre de persona Costa Rica. Leyes, decretos, etc.
245 ## - TÍTULO PROPIAMENTE DICHO
Título Código de comercio
260 ## - PIE DE IMPRENTA
Lugar de publicación, distribución, etc. Costa Rica
260 ## - PIE DE IMPRENTA
Nombre del editor, distribuidor, etc. Editec Editores
260 ## - PIE DE IMPRENTA
Fecha de publicación, distribución, etc. 2003
300 ## - DESCRIPCIÓN FÍSICA
Extensión 272 páginas
500 ## - NOTA GENERAL
Nota general La biblioteca contiene 9 ed. 2004
650 ## - Materia General
Materia general COSTA RICA
650 ## - Materia General
Materia general COMERCIO
650 ## - Materia General
Materia general LEGISLACION
942 ## - Punto de Acceso Adicional Koha
Tipo de ítem Koha Libro
Existencias
Estado perdido Estado dañado No para préstamo Biblioteca permanente Biblioteca actual Signatura completa Código de barras Tipo de ítem
      Departamento de Biblioteca y Documentación Alfonso Chase Brenes Departamento de Biblioteca y Documentación Alfonso Chase Brenes 380.972.86 C8374c 12061 Libro